Library Banner

Muslim shakhsiat ka encychlopedia/ (Record no. 98114)

MARC details
000 -LEADER
fixed length control field 00403nam a22001457a 4500
005 - DATE AND TIME OF LATEST TRANSACTION
control field 20170912113020.0
008 - FIXED-LENGTH DATA ELEMENTS--GENERAL INFORMATION
fixed length control field 170912b xxu||||| |||| 00| 0 eng d
040 ## - CATALOGING SOURCE
Transcribing agency PK-LaUMT
082 ## - DEWEY DECIMAL CLASSIFICATION NUMBER
Classification number PKAC 297.09203
Item number NAA-M
100 ## - MAIN ENTRY--PERSONAL NAME
Personal name Naaz , M.S.
245 ## - TITLE STATEMENT
Title Muslim shakhsiat ka encychlopedia/
Statement of responsibility, etc M.S. Naaz
260 ## - PUBLICATION, DISTRIBUTION, ETC. (IMPRINT)
Place of publication, distribution, etc لاہور:
Name of publisher, distributor, etc مطبوعات شیخ غلام علی،
Date of publication, distribution, etc [ ]
300 ## - PHYSICAL DESCRIPTION
Extent [ ]
942 ## - ADDED ENTRY ELEMENTS (KOHA)
Koha item type Books
Holdings
Withdrawn status Lost status Damaged status Home library Current library Date acquired Full call number Barcode Date last seen Price effective from Koha item type
      UMT Main Campus UMT Main Campus 2017-09-12 PKAC 297.09203 NAA-M 113743 2017-09-12 2017-09-12 Books